Statistics for All Super Smash Bros Characters In Existence

Click here to take the quiz!

General Stats

  • This quiz has been taken 405 times
  • The average score is 34 of 40

Answer Stats

FranchiseCharacter% Correct
Super Mario BrosMario
99%
Legend Of ZeldaLink
98%
Star FoxFox
97%
KirbyKirby
97%
Super Mario BrosLuigi
96%
PokemonPikachu
96%
Donkey KongDonkey Kong
95%
MetroidSamus
95%
Legend Of ZeldaZelda
95%
Dr. MarioDr. Mario
92%
Super Mario BrosPeach
92%
Sonic The HedgehogSonic
91%
Star FoxFalco
90%
Fire EmblemMarth
90%
Metal Gear SolidSnake
90%
Donkey KongDiddy Kong
88%
Super Mario BrosBowser
87%
Legend Of ZeldaGanondorf
87%
MotherNess
86%
F-ZeroCaptain Falcon
85%
KirbyKing Dedede
85%
Fire EmblemIke
84%
KirbyMeta Knight
84%
PokemonPokemon Trainer
84%
WarioWare, IncWario
84%
Fire EmblemRoy
83%
Star FoxWolf
83%
MotherLucas
82%
Game & WatchMr. Game & Watch
82%
PikminOlimar
82%
Kid IcarusPit
80%
Legend Of ZeldaToon Link
80%
Ice ClimberIce Climbers
76%
PokemonJigglypuff
75%
PokemonLucario
74%
PokemonMewtwo
72%
PokemonPichu
71%
Legend Of ZeldaYoung Link
69%
Super Mario BrosYoshi
67%
...ROB
56%

Score Distribution

Percentile by Number Answered

Percent of People with Each Score

Your Score History

You have not taken this quiz